| 000 | 00000nam 2200000zi 4500 |
| 001 | 9.935980 |
| 003 | CaOODSP |
| 005 | 20250110094158 |
| 006 | m o d f |
| 007 | cr cn||||||||| |
| 008 | 240325t20242024oncad o f000 0 eng d |
| 020 | |a9780660710051 |
| 040 | |aCaOODSP|beng|erda|cCaOODSP |
| 043 | |an-cn--- |
| 086 | 1 |aM154-169/2024E-PDF |
| 245 | 00|aReducing electric heating costs with thermal storage. |
| 264 | 1|a[Ottawa] : |bNatural Resources Canada = Ressources naturelles Canada, |c[2024] |
| 264 | 4|c©2024 |
| 300 | |a1 online resource (4 unnumbered pages) : |billustrations, charts |
| 336 | |atext|btxt|2rdacontent |
| 337 | |acomputer|bc|2rdamedia |
| 338 | |aonline resource|bcr|2rdacarrier |
| 500 | |aCover title. |
| 500 | |aIssued also in French under title: Réduction des coûts de chauffage électrique grâce au stockage thermique. |
| 650 | 0|aHeat storage devices. |
| 650 | 0|aBuildings|xEnergy conservation|zCanada. |
| 710 | 1 |aCanada. |bNatural Resources Canada, |eissuing body. |
| 775 | 08|tRéduction des coûts de chauffage électrique grâce au stockage thermique.|w(CaOODSP)9.935981 |
| 856 | 40|qPDF|s554 KB|uhttps://publications.gc.ca/collections/collection_2025/rncan-nrcan/M154-169-2024-eng.pdf |